LIBRARY & INFORMATION CENTRE, KCAET, TAVANUR

ONLINE PUBLIC ACCESS CATALOGUE (OPAC)

Development and equality evaluation of millet fortified tuber based extruded RTE products (Record no. 14970)

MARC details
000 -LEADER
fixed length control field 00724nam a22001817a 4500
003 - CONTROL NUMBER IDENTIFIER
control field OSt
088 ## - REPORT NUMBER
Report number T 349
100 ## - MAIN ENTRY--AUTHOR NAME
Personal name SEEMA B.R
245 ## - TITLE STATEMENT
Title Development and equality evaluation of millet fortified tuber based extruded RTE products
260 ## - PUBLICATION, DISTRIBUTION, ETC. (IMPRINT)
Place of publication Tavanur 2016
Name of publisher Department of Food and Agricultural Process Engineering
300 ## - PHYSICAL DESCRIPTION
Number of Pages 163
500 ## - GENERAL NOTE
General note Development and equality evaluation of millet fortified tuber based extruded RTE products
520 ## - SUMMARY, ETC.
Summary, etc Development and equality evaluation of millet fortified tuber based extruded RTE products
700 ## - ADDED ENTRY--PERSONAL NAME
Personal name Dr. Sudheer K.P (Guide)
856 ## - ELECTRONIC LOCATION AND ACCESS
Uniform Resource Identifier https://drive.google.com/open?id=1-fKYNMOIWOuAW6z_ZdAoue4ycr0cdw8N
942 ## - ADDED ENTRY ELEMENTS (KOHA)
Koha item type Theses
Holdings
Collection code Home library Current library Shelving location Full call number Accession Number Koha item type Public note
Reference KAUAET KAUAET Reference 644 SEE/DE T 349 Theses M.Tech Thesis
free website counter